00716nam a2200229Ia 450000500170000000800410001702000230005804000190008104100120010008200180011210000170013024500990014726000360024630000170028250400240029965000140032365100100033785000100034794200070035799900160036495201060038020240304100615.0131103s9999 xx 000 0 und d a8185036136cRs.120 aLoreto College aEnglish a370.954 bSIN aSingh,K.R.P. aEducating India's Masses, bA Study of Dr. Zakir Husains Educational Thought, cK.R.P.Singh aDelhibUnique Publicationc1987 aviii,144 p.  aIncludes references aEducation aIndia aLCLIB cBK c9203d59682 00102ddc4070aMAINbMAINd2013-11-04l0o370.954 SIN 29991pB9079r2013-11-04w2013-11-04yBKf